000 00521nam a22001697a 4500
005 20250514163717.0
008 250514b |||||||| |||| 00| 0 eng d
020 _a8170950198
037 _cTextual
040 _aRTL
_cRTL
084 _aU.297.N8, N0/NTI
_qRTL
100 _aGupta, Krishna Murti.
_9784399
245 _aHimalaya man and nature
260 _aNew Delhi
_bLancer Books
_c1990
300 _aix, 277 p.
_bincludes bibliographical references and indexes
942 _2CC
_cTB
_hU.297.N8, N0/NTI
_n0
999 _c1400884
_d1400884